| 000 | 01854nam0a2200385 i 4500 | ||
|---|---|---|---|
| 001 | RU\NLR\BIBL_A\010826972 | ||
| 005 | 20241103125547.0 | ||
| 010 | _a9785969303096 | ||
| 021 |
_aRU _b15-55418 |
||
| 035 | _a(NILC)RuMoRGB-007983282 | ||
| 035 | _a(NLR Aleph) 010826972 | ||
| 090 |
_a10268915 _c10268915 |
||
| 100 | _a20150831d2015 u y0rusy50 ca | ||
| 101 | 1 |
_arus _cger |
|
| 102 | _aRU | ||
| 105 | _aa|||z|||000yy | ||
| 200 | 1 |
_aКнига решений _e50 моделей стратегического мышления _fМикаэль Крогерус, Роман Чеппелер _g[пер. с нем. Е. Турчаниновой _gс ил. Филипа Эрнхарта] |
|
| 210 |
_aМосква _cОлимп-Бизнес _cиздатели В. Стабников, М. Горский _d2015 |
||
| 215 |
_aXV, 180 с. _cил. _d17 |
||
| 300 | _aЗагл. и авт. ориг.: 50 Erfolgsmodelle/ Mikael Krogerus, Roman Tschäppeler | ||
| 320 | _aБиблиогр.: с. 176-180 | ||
| 454 | 0 |
_12001#$a50 Erfolgsmodelle$fMikael Krogerus, Roman Tschäppeler _1700#1$aKrogerus$bM.$f1976-$gMikael _1701#1$aTschäppeler$bR.$f1978-$gRoman _t50 Erfolgsmodelle _aKrogerus, Mikael (1976-) |
|
| 606 |
_aУспех _jПопулярные издания _xСоциально-психологические исследования _92074287 _3RU\NLR\AUTH\661249276 |
||
| 610 | 0 | _aуспех | |
| 610 | 0 | _aстратегическое мышление | |
| 686 | 1 | _aС550.354я9 | |
| 686 | 1 | _aЮ935.131-231я9 | |
| 700 | 1 |
_aКрогерус _bМ. _f1976- _gМикаэль |
|
| 701 | 1 |
_aЧеппелер _bР. _f1978- _gРоман |
|
| 702 | 1 |
_aЭрнхарт _bФ. _f1965- _gФилип _4440 |
|
| 801 | 0 |
_aRU _bРГБ _c20150724 _gRCR |
|
| 942 | _cBOOK | ||
| 980 | _aNBR | ||